000 00613nam a2200169 i 4500
001 134654
003 ES-MaACL
005 20230906194722.0
007 t|
008 070912s1980 ch ||||1| eng d
100 1 _aYao, Meng-hsüan.
_9117576
245 1 4 _aThe change of chine communist foreign policy (1949-1979) /
_cby Meng-hsüan Yao.
260 _a[Taipei] :
_bWorld Anti-Communist League, China Chapter : Asian Peoples' Anti-Communist League, Republic of China,
_c1980.
300 _a101 p. ;
_c19 cm.
651 4 _aChina-
_xPolítica exterior-
_y1949-1979.
_98055
852 _aES-MaACL
_jC-13460
_bR.100652
999 _c134654
_d134654